000 00586nam a2200193 a 4500
001 22679
003 CO-ViMGA
008 141112s2004 ck r 000 u spa d
020 _a9788420673202
040 _aCO-ViMGA
_bspa
_cCO-ViMGA
082 0 4 _a830.9B732h
100 1 _aBrecht, Bertoit
_932338
245 1 0 _aHistorias de almanaque
260 _aEspaña :
300 _a142
505 _aEl circulo de tiza, Balada de la puta para judios María Sanders.El manto del hejere, Mi hermano era aviador, Historias del señor Keuner
650 1 4 _aLITERATURA ALEMANA
_92667
942 _2ddc
_cBK
999 _c2949
_d2949